Seminar on complex multiplication
Uloženo v:
| Hlavní autoři: | , , , , |
|---|---|
| Médium: | Kniha |
| Jazyk: | angličtina |
| Vydáno: |
Berlín
Springer-Verlag
1966
|
| Edice: | Lecture Notes in Mathematics, 21
|
| Témata: | |
| Tagy: |
Přidat tag
Žádné tagy, Buďte první, kdo vytvoří štítek k tomuto záznamu!
|
MARC
| LEADER | 00000nam a2200000 a 4500 | ||
|---|---|---|---|
| 001 | UCP3050 | ||
| 003 | CL-VaPUC | ||
| 008 | 990604e19660000GW |||||||||||||||||eng|d | ||
| 082 | 0 | 4 | |a 512.73 |b BOR |2 21 |
| 100 | |a Borel, Armand |e author |9 424625 | ||
| 700 | 0 | |a Chowla, S |e author |9 430137 | |
| 700 | 0 | |a Herz, C. S |e author |9 430138 | |
| 700 | 0 | |a Iwasawa, K |e author |9 430139 | |
| 700 | 0 | |a Serre, Jean-Pierre |e author |9 430140 | |
| 245 | 1 | 0 | |a Seminar on complex multiplication |
| 300 | |a p. irreg | ||
| 942 | |c BK | ||
| 945 | |d 19990604 00:00:00 |a crobeson | ||
| 260 | |a Berlín |b Springer-Verlag |c 1966 | ||
| 650 | 7 | |a TEORIA ANALITICA DE LOS NUMEROS |2 CL-VaPUC |9 430141 | |
| 650 | 7 | |a MULTIPLICACION COMPLEJA |2 CL-VaPUC |9 430142 | |
| 650 | 7 | |a CUERPOS DE CLASE |2 CL-VaPUC |9 430143 | |
| 583 | |a last modification |c 19990604 00:00:00 |k Rodrigo Vera | ||
| 490 | 0 | |a Lecture Notes in Mathematics, 21 | |
| 999 | |c 281490 |d 281488 | ||
| 952 | |0 0 |1 0 |4 0 |6 512_730000000000000_BOR_1966 |7 0 |8 A |9 322245 |a BIBMAT |b BIBMAT |d 2019-11-20 |i 134773K |o 512.73 BOR 1966 |p 134773K |r 2025-01-07 |w 2019-11-20 |y BK |k MAT | ||